00374 2200157 4500001002100000005001500021035002000036245003000056100001500086250001700101300003200118260003000150082000800180084001400188650001400202INLIS00000000000023420240529045642 a0010-05240001561 aDesa Impian /cSeno Subro0 aSeno Subro aCetakan ke-1 aiv, 77 hlm :bIlus ;c21 cm aSolo :bCV. Deriko,c2007 a813 a813 SEN d 4aBuku anak